Podsumowanie roku 2019 - Statystyki

Ogólne statystyki
  • Ten quiz został rozwiązany 3 razy
  • Średni wynik to 5 z 17
Statystyki odpowiedzi
Podpowiedź Odpowiedź % Poprawnych
Astronomowie wykonali pierwsze zdjęcie tego typu obiektu w historii Czarna Dziura
67%
HBO (teraz MAX) emituje ósmy i ostatni sezon tego serialu telewizyjnego, ale fani są rozczarowani Gra o Tron
67%
Ta słynna katedra została poważnie uszkodzona wtrakcie pożarze Notre Dame de Paris
67%
Firma ta ogłasza swój nowy projekt, który media nazywają Cybertruck Tesla
67%
Ten film ustanowił rekord wszech czasów pod względem najwyższych wpływów kasowych Avengers: Koniec Gry
33%
Brytyjska Partia Konserwatywna zdobywa większość głosów w parlamencie po obiecaniu „get ______ done" Brexit
33%
Ku uciesze wielu osób Donald Trump proponuje, żeby Stany Zjednoczone kupiły tę dużą wyspę Grenlandia
33%
Do miliona ludzi protestowało przeciwko chińskiemu rządowi na ulicach tego miasta Hong Kong
33%
Abu Bakr al-Baghdadi, przywódca tej grupy terrorystycznej, wysadza się w powietrze, aby uniknąć schwytania przez wojska amerykańskie Prze Islamskie Państwo w Iraku
33%
Kazachstan zmienił nazwę swojej stolicy na to z Astany na to Nur-Sułtan
33%
Wybuchy tej łatwo zapobiegawczej choroby występowały w Samoa, Oregonie i wielu społecznościach żydowskich w Nowym Jorku Ospa
33%
Po raz trzeci RPA wygrywa Puchar Świata w tej dyscyplinie sportu Rugby Union
33%
Ten model samolotu został uziemiony po tragicznej katastrofie Ethiopian Airlines Boeing 737 MAX 8
0%
Izba Reprezentantów USA głosowała za zrobieniem tego Donaldowi Trumpowi Oskarżeniem go
0%
Ta linia lotnicza testuje prawie 20 godzinny lot bezpośredni między Nowym Jorkiem a Sydney Qantas
0%
Ten serial science-fiction z gatunku horroru jest najchętniej oglądanym programem Netflixa w 2019 roku Stranger Things
0%
Setki tysięcy internetowych memerów grozi, że zajmą tę bazę wojskową, aby „zobaczyć tych kosmitów”, ale tylko nieliczni faktycznie się pojawiają Strefa 51
0%
Nie znaleziono quizów pasujących do podanych kryteriów
Rozkład punktacji
Procent ludzi z każdym wynikiem
Percentyl według liczby udzielonych odpowiedzi
Twoja historia wyników
Nie rozwiązałeś tego quizu